[Event "European Online Club-ch-C 2021"]
[Site "Online"]
[Date "2021.03.27"]
[Round "9.19"]
[White "Bruch, Jochen"]
[Black "Esipenko, Andrey"]
[Result "0-1"]
[WhiteElo "2187"]
[BlackElo "2677"]
[Annotator "ChessBase"]
[PlyCount "126"]
[EventDate "2021.03.27"]
[EventType "team-tourn"]
[EventCountry "NET"]
[SourceTitle "playchess.com"]
[Source "ChessBase"]
[SourceQuality "1"]
[TimeControl "900+5"]

1. Nf3 {[%emt 0:00:00]} d5 {[%emt 0:00:09]} 2. g3 {[%emt 0:00:04]} Nd7 {[%emt 0:00:07]} 3. Bg2 {[%emt 0:00:04]} e5 {[%emt 0:00:02]} 4. d3 {[%emt 0:00:03]} Ngf6 {[%emt 0:00:02]} 5. O-O {[%emt 0:00:02]} Bc5 {[%emt 0:00:01]} 6. Nbd2 {[%emt 0:00:02]} O-O {[%emt 0:00:03]} 7. e4 {[%emt 0:00:03]} c6 {[%emt 0:00:01]} 8. c3 {[%emt 0:00:03]} Bd6 {[%emt 0:00:12]} 9. Qc2 {[%emt 0:00:08]} Re8 {[%emt 0:00:03]} 10. Nh4 {[%emt 0:00:43]} Nf8 {[%emt 0:00:06]} 11. Kh1 {[%emt 0:00:17]} Ng6 {[%emt 0:00:06]} 12. Nxg6 {[%emt 0:00:04]} hxg6 {[%emt 0:00:02]} 13. h3 {[%emt 0:00:27]} a5 {[%emt 0:00:07]} 14. Nf3 {[%emt 0:00:07]} Qc7 {[%emt 0:00:07]} 15. Bg5 {[%emt 0:00:14]} Be6 {[%emt 0:00:02]} 16. Rfe1 {[%emt 0:00:19]} dxe4 {[%emt 0:00:13]} 17. dxe4 {[%emt 0:00:04]} Nd7 {[%emt 0:00:00]} 18. Be3 {[%emt 0:00:23]} f6 {[%emt 0:00:02]} 19. Nh4 {[%emt 0:00:27]} Bf7 {[%emt 0:00:02]} 20. Qe2 {[%emt 0:00:21]} Rad8 {[%emt 0:00:07]} 21. Qg4 {[%emt 0:00:30]} Nf8 {[%emt 0:00:02]} 22. Red1 {[%emt 0:00:11]} b5 {[%emt 0:00:03]} 23. Rd2 {[%emt 0:00:17]} Be7 {[%emt 0:00:05]} 24. Qe2 {[%emt 0:01:27]} Rxd2 {[%emt 0:00:05]} 25. Qxd2 {[%emt 0:00:03]} Rd8 {[%emt 0:00:00]} 26. Qc2 {[%emt 0:00:04]} a4 {[%emt 0:00:07]} 27. Kh2 {[%emt 0:00:17]} Qd7 {[%emt 0:00:13]} 28. Bf1 {[%emt 0:00:06]} Ne6 {[%emt 0:00:37]} 29. Be2 {[%emt 0:00:08]} Bc5 {[%emt 0:00:02]} 30. Rd1 {[%emt 0:00:14]} Qe7 {[%emt 0:00:01]} 31. Rxd8+ {[%emt 0:00:05]} Qxd8 {[%emt 0:00:00]} 32. Bxc5 {[%emt 0:00:11]} Nxc5 {[%emt 0:00:00]} 33. c4 {[%emt 0:00:06]} b4 {[%emt 0:00:02]} 34. Nf3 {[%emt 0:00:32]} g5 {[%emt 0:00:20]} 35. Qd2 {[%emt 0:00:41]} Qb8 {[%emt 0:00:03]} 36. Qe3 {[%emt 0:00:06]} Qd6 {[%emt 0:00:01]} 37. Ne1 {[%emt 0:00:17]} Bg6 {[%emt 0:00:40]} 38. f3 {[%emt 0:00:17]} Bf7 {[%emt 0:00:03]} 39. Kg2 {[%emt 0:00:50]} b3 {[%emt 0:00:33]} 40. a3 {[%emt 0:00:24]} Ne6 {[%emt 0:00:06]} 41. Qc3 {[%emt 0:00:56]} Nd4 {[%emt 0:00:05]} 42. Bf1 {[%emt 0:00:07]} Qc5 {[%emt 0:00:48]} 43. Bd3 {[%emt 0:01:19]} Qa7 {[%emt 0:00:58]} 44. Qb4 {[%emt 0:00:51]} Ne6 {[%emt 0:00:11]} 45. Qd2 {[%emt 0:00:46]} Qd4 {[%emt 0:00:06]} 46. Qf2 {[%emt 0:00:09]} Qd6 {[%emt 0:00:04]} 47. Qe3 {[%emt 0:00:18]} Nd4 {[%emt 0:00:18]} 48. Qc1 {[%emt 0:00:35]} Qd7 {[%emt 0:00:05]} 49. Bf1 {[%emt 0:00:27]} Ne6 {[%emt 0:00:18]} 50. Qe3 {[%emt 0:00:08]} Qd1 {[%emt 0:00:05]} 51. Kf2 {[%emt 0:01:18]} Nd4 {[%emt 0:00:08]} 52. Qc3 {[%emt 0:00:04]} Bh5 {[%emt 0:00:33]} 53. c5 {[%emt 0:00:44]} Kh7 {[%emt 0:00:14]} 54. Bc4 {[%emt 0:00:19]} Kh8 {[%emt 0:03:10]} 55. Bf1 {[%emt 0:00:10]} Bf7 {[%emt 0:00:19]} 56. Ba6 {[%emt 0:00:07]} Be6 {[%emt 0:00:06]} 57. Bf1 {[%emt 0:00:06]} Kh7 {[%emt 0:00:02]} 58. h4 {[%emt 0:00:24]} gxh4 {[%emt 0:00:15]} 59. gxh4 {[%emt 0:00:03]} Bf7 {[%emt 0:00:22]} 60. Kg3 {[%emt 0:00:09]} Nc2 {[%emt 0:00:13]} 61. Kf2 {[%emt 0:00:07]} Nxe1 {[%emt 0:00:06]} 62. Qxe1 {[%emt 0:00:04]} Qc2+ {[%emt 0:00:03]} 63. Qe2 {[%emt 0:00:03]} Bc4 {[%emt 0:00:03]} 0-1

[Event "European Online Club-ch-C 2021"]
[Site "Online"]
[Date "2021.03.27"]
[Round "9.20"]
[White "Ponkratov, Pavel"]
[Black "Kirsch, Laurent"]
[Result "1-0"]
[WhiteElo "2619"]
[BlackElo "2120"]
[Annotator "ChessBase"]
[PlyCount "45"]
[EventDate "2021.03.27"]
[EventType "team-tourn"]
[EventCountry "NET"]
[SourceTitle "playchess.com"]
[Source "ChessBase"]
[SourceQuality "1"]
[TimeControl "900+5"]

1. d4 {[%emt 0:00:00]} d5 {[%emt 0:00:04]} 2. c4 {[%emt 0:00:02]} c6 {[%emt 0:00:03]} 3. Nf3 {[%emt 0:00:02]} Nf6 {[%emt 0:00:02]} 4. Nc3 {[%emt 0:00:07]} e6 {[%emt 0:00:04]} 5. e3 {[%emt 0:00:15]} Nbd7 {[%emt 0:00:03]} 6. Qc2 {[%emt 0:00:02]} Bd6 {[%emt 0:00:03]} 7. b3 {[%emt 0:00:04]} O-O {[%emt 0:00:05]} 8. Bb2 {[%emt 0:00:05]} Qe7 {[%emt 0:00:25]} 9. Be2 {[%emt 0:00:12]} b6 {[%emt 0:00:04]} 10. O-O {[%emt 0:00:26]} Bb7 {[%emt 0:00:03]} 11. a4 {[%emt 0:00:02]} Bb4 {[%emt 0:00:57]} 12. Ne5 {[%emt 0:00:05]} Nxe5 {[%emt 0:00:38]} 13. dxe5 {[%emt 0:00:02]} Nd7 {[%emt 0:00:03]} 14. cxd5 {[%emt 0:00:17]} exd5 {[%emt 0:00:06]} 15. Na2 {[%emt 0:00:02]} Bc5 {[%emt 0:00:07]} 16. b4 {[%emt 0:00:46]} Bxb4 {[%emt 0:00:16]} 17. Nxb4 {[%emt 0:00:01]} Qxb4 {[%emt 0:00:02]} 18. Ba3 {[%emt 0:00:01]} Qh4 {[%emt 0:00:11]} 19. Bxf8 {[%emt 0:00:17]} Rxf8 {[%emt 0:00:18]} 20. f4 {[%emt 0:00:13]} a5 {[%emt 0:00:29]} 21. Rab1 {[%emt 0:00:14]} Qe7 {[%emt 0:00:12]} 22. Bg4 {[%emt 0:00:10]} Ba6 {[%emt 0:00:54]} 23. Rfe1 {[%emt 0:00:31]} 1-0